|
|
|
|
| LEADER |
00000nam0a2200000 4500 |
| 001 |
48649 |
| 005 |
20231031032055.0 |
| 035 |
|
|
|a (RuTPU)RU\TPU\book\50950
|
| 090 |
|
|
|a 48649
|
| 100 |
|
|
|a 20030320d1980 m y0rusy50 ca
|
| 101 |
0 |
|
|a rus
|
| 102 |
|
|
|a RU
|
| 105 |
|
|
|a a j 001zy
|
| 200 |
1 |
|
|a Техническая механика
|e учебное пособие
|f Е. Н. Дубейковский, Е. С. Саввушкин, Л. А. Цейтлин
|
| 210 |
|
|
|a Москва
|c Машиностроение
|d 1980
|
| 215 |
|
|
|a 344 с.
|c ил.
|
| 320 |
|
|
|a Библиогр.: с. 338.
|
| 610 |
1 |
|
|a механика
|
| 610 |
1 |
|
|a техническая механика
|
| 610 |
1 |
|
|a теоретическая механика
|
| 610 |
1 |
|
|a статика
|
| 610 |
1 |
|
|a твердые тела
|
| 610 |
1 |
|
|a равновесие
|
| 610 |
1 |
|
|a центр тяжести
|
| 610 |
1 |
|
|a кинематика
|
| 610 |
1 |
|
|a точка
|
| 610 |
1 |
|
|a движение
|
| 610 |
1 |
|
|a динамика
|
| 610 |
1 |
|
|a работа
|
| 610 |
1 |
|
|a мощность
|
| 610 |
1 |
|
|a сопротивление материалов
|
| 610 |
1 |
|
|a напряжения
|
| 610 |
1 |
|
|a деформация
|
| 610 |
1 |
|
|a материалы
|
| 610 |
1 |
|
|a свойства
|
| 610 |
1 |
|
|a прочность
|
| 610 |
1 |
|
|a выносливость
|
| 610 |
1 |
|
|a устойчивость
|
| 610 |
1 |
|
|a сжатые стержни
|
| 610 |
1 |
|
|a детали машин
|
| 610 |
1 |
|
|a зубчатые передачи
|
| 610 |
1 |
|
|a цепные передачи
|
| 610 |
1 |
|
|a вариаторы
|
| 610 |
1 |
|
|a винтовые передачи
|
| 610 |
1 |
|
|a валы
|
| 610 |
1 |
|
|a подшипники
|
| 610 |
1 |
|
|a муфты
|
| 610 |
1 |
|
|a пружины
|
| 610 |
1 |
|
|a учебные пособия
|
| 675 |
|
|
|a 621.01:531(075.8)
|v 3
|
| 700 |
|
1 |
|a Дубейковский
|b Е. Н.
|g Евгений Николаевич
|
| 701 |
|
1 |
|a Саввушкин
|b Е. С.
|g Евгений Семенович
|
| 701 |
|
1 |
|a Цейтлин
|b Л. А.
|g Лев Александрович
|
| 801 |
|
1 |
|a RU
|b 63413507
|c 20030320
|g PSBO
|
| 801 |
|
2 |
|a RU
|b 63413507
|c 20191118
|g PSBO
|
| 942 |
|
|
|c BK
|